000 00666cam a2200205 4500
001 WB3606-36
008 000000n2000 000 0 eng u
035 _a(Sirsi) u104119
245 _aStamping on property values
260 _c2000
490 _aYorkshire Post
_v10 February 2000, 19(1)
520 _aLooks at the implications of a rise in stamp duty on the commercial property market, suggesting that it could reduce the number of transactions.
590 _aWB
650 _aSTAMP DUTY
650 _aPROPERTY-COMMERCIAL PROPERTY-COMMERCIAL PROPERTY MARKET
650 _aPROPERTY TRANSACTIONS
650 _aBUDGET
690 _aTAXATION
942 _n0
999 _c62494
_d62494